| Tag |
First Indicator |
Second Indicator |
Subfields |
| LEADER |
00000cam a2200000 a 4500 |
| 001 |
in00000048969 |
| 005 |
20160130063938.0 |
| 008 |
790919s1978 caua 00010 eng d |
| 020 |
|
|
|a 0913194050 :
|c $19.95
|
| 035 |
|
|
|a (OCoLC)05388917
|
| 035 |
|
|
|9 AAF3803AM
|
| 040 |
|
|
|a APL
|c APL
|d TXA
|d UtOrBLW
|
| 049 |
|
|
|a TXAM
|c [802324]
|a TXAS [mil]
|
| 090 |
|
|
|a D790
|b .C3
|
| 100 |
1 |
|
|a Carson, Leonard.
|
| 245 |
1 |
0 |
|a Pursue & destroy /
|c by Leonard "Kit" Carson.
|
| 250 |
|
|
|a 1st ed.
|
| 264 |
|
1 |
|a Granada Hills, Calif. :
|b Sentry Books,
|c 1978.
|
| 300 |
|
|
|a 175 pages :
|b illustrations (some color) ;
|c 29cm.
|
| 336 |
|
|
|a text
|b txt
|2 rdacontent
|
| 337 |
|
|
|a unmediated
|b n
|2 rdamedia
|
| 338 |
|
|
|a volume
|b nc
|2 rdacarrier
|
| 650 |
|
0 |
|a Mustang (Fighter plane)
|
| 650 |
|
0 |
|a World War, 1939-1945
|x Aerial operations, American.
|
| 610 |
2 |
0 |
|a United States.
|b Army Air Forces.
|b Air Force, 8th.
|
| 999 |
|
|
|a MARS
|
| 999 |
f |
f |
|s d31237a9-8c2c-3c40-a324-335338e754ef
|i e7e4de35-1361-3143-91c3-52554fbe8f22
|t 0
|
| 952 |
f |
f |
|p noncirc
|a Texas A&M University
|b College Station
|c Cushing Memorial Library & Archives
|d Cushing: Ragan Military (Does not check out)
|t 0
|e D790 .C3
|h Library of Congress classification
|i unmediated -- volume
|m A14852657437
|
| 952 |
f |
f |
|p ric
|a Texas A&M University
|b Rellis Campus
|c Joint Library Facility
|d Remote Storage
|t 0
|e D790 .C3
|h Library of Congress classification
|i unmediated -- volume
|m A14805923056
|
| 998 |
f |
f |
|a D790 .C3
|t 0
|l Cushing: Ragan Military (Does not check out)
|
| 998 |
f |
f |
|a D790 .C3
|t 0
|l Remote Storage
|